000 00848nam a22003017a 4500
001 BR0204512
003 BR-BrBNA
005 20230928101144.0
007 ta
008 230509b bl.||||| |||| 00| 0 por d
040 _aBR-BrBNA
_bpor
_cBiblioteca Nacional de Agricultura
041 _a(Por)
072 _aQ02
_b9420
090 _ 9420 BR0204512
100 1 _aSilva, F.T.
110 1 _aCentro Nacional de Pesquisa e Tecnologia Agroindustrial de Alimentos, Rio de Janeiro, RJ (Brasil)
_91837
245 1 _aManual de produção de manteiga
260 3 _aRio de Janeiro, RJ (Brasil):
_c1996.
300 _a16 p.
500 _a4 ref.
650 _aMANTEIGA
650 _aPROCESSAMENTO
650 _aEMBALAGEM
650 _aARMAZENAMENTO DE ALIMENTO
650 _aRESFRIAMENTO
909 _a202309
_bLucia
_c55
_dLucia Elande
942 _cBK
999 _c64500
_d64500